Click Cities - Medium - Statistics

General Stats
  • This quiz has been taken 29 times
  • The average score is 16 of 25
Answer Stats
Hint Answer % Correct
Madison Wisconsin
91%
El Paso Texas
87%
Little Rock Arkansas
78%
Hartford Connecticut
78%
Jackson Mississippi
74%
Santa Fe New Mexico
74%
Buffalo New York
74%
Knoxville Tennessee
74%
Tulsa Oklahoma
70%
Burbank California
65%
Dover Delaware
65%
Topeka Kansas
65%
Lexington Kentucky
65%
Mobile Alabama
61%
Savannah Georgia
61%
St. Louis Missouri
61%
St. Petersburg Florida
57%
Missoula Montana
57%
Durham North Carolina
57%
Mesa Arizona
52%
Cedar Rapids Iowa
52%
Sioux Falls South Dakota
52%
Morgantown West Virginia
52%
Germantown Maryland
43%
Greenville South Carolina
43%
No matching quizzes found
Score Distribution
Percent of People with Each Score
Percentile by Number Answered
Your Score History
You have not taken this quiz